| 000 | 00705nam a22001937a 4500 | ||
|---|---|---|---|
| 008 | 161103b xxu||||| |||| 00| 0 eng d | ||
| 020 | _a1609133450 | ||
| 040 |
_aKABU _cKABU |
||
| 050 |
_aRS403 _b.F69 2013 C.1 |
||
| 245 |
_aFoye's principles of medicinal chemistry _cedited by Thoma L. Lemke, David A. William , Victoria F. Roche & S. William Zito |
||
| 250 | _a7th ed. | ||
| 260 |
_aNew Delhi _bLippincot Williams & Wikins, Wolter, a wolters klumer business _c2013 |
||
| 300 | _axviii, 1500 p. | ||
| 700 | _aLemke, Thomas L. | ||
| 700 | _aWilliams, David A. | ||
| 700 | _aRoche, Victoia F. | ||
| 700 | _aZito, S. Wiiliam | ||
| 942 |
_2lcc _cBK _e7th ed. _hRS403 .F69 2013 C.1 |
||
| 999 |
_c16231 _d16231 |
||